Home Print Resources E-Books E-Journals IIMT Lecture Series Library Membership Form Book Recommendation Form Campus Tour Take AdmissionAbout Us Contact Us

foundations of sports & exercise psychology (Record no. 40500)

000 -LEADER
fixed length control field nam a22 7a 4500
003 - CONTROL NUMBER IDENTIFIER
control field OSt
005 - DATE AND TIME OF LATEST TRANSACTION
control field 20170916151026.0
008 - FIXED-LENGTH DATA ELEMENTS--GENERAL INFORMATION
fixed length control field 170916b xxu||||| |||| 00| 0 eng d
040 ## - CATALOGING SOURCE
Transcribing agency sero soft
100 ## - MAIN ENTRY--PERSONAL NAME
Personal name K,kutty sures
245 ## - TITLE STATEMENT
Title foundations of sports & exercise psychology
260 ## - PUBLICATION, DISTRIBUTION, ETC.
Place of publication, distribution, etc. delhi
Name of publisher, distributor, etc. sports pub
300 ## - PHYSICAL DESCRIPTION
Extent 131
942 ## - ADDED ENTRY ELEMENTS (KOHA)
Source of classification or shelving scheme
Koha item type Text-Book- for 7 days
Holdings
Withdrawn status Lost status Source of classification or shelving scheme Damaged status Not for loan Home library Current library Date acquired Source of acquisition Cost, normal purchase price Inventory number Total Checkouts Barcode Date last seen Copy number Price effective from Koha item type Date last checked out
          IIMT University College of Education-B.P.Ed IIMT University College of Education-B.P.Ed 09/12/2017 Bansal book GZB 600.00 5870   17-B-3059 09/16/2017 1 09/16/2017 Text-Book- for 7 days  
          IIMT University College of Education-B.P.Ed IIMT University College of Education-B.P.Ed 09/12/2017 Bansal book GZB 600.00 5870 1 17-B-3060 05/30/2019 1 09/16/2017 Text-Book- for 7 days 05/14/2019
IIMT, Central Library. All Rights Reserved IIMT,UNIVERSITY © 2023
Implemented and Customised by I CLOUDE EMS
You Are OPAC Visitor No
free web counter

Powered by Koha